000
00320nam a2200133Ia 4500
008
240624s9999 xx 000 0 und d
041
_a
eng
082
_a
954 GUH
100
_a
GUHA RAMACHANDRA
245
_a
MAKERS OF MODERN INDIA
260
_c
2010
_a
New Delhi
_b
Penguin Viking
300
_a
549 : p.
365
_c
RS
_b
25
999
_c
16236
_d
16236